000 01662nam a2200229Ia 4500
003 Ost
005 20260416102358.0
008 260416s9999||||xx |||||||||||||| ||und||
040 _cfsecg
041 _aara
082 _a657.46
100 _aدغموم، هشام
_eمؤلف
245 0 _aمحاضرات وتمارين في المحاسبة المالية المعمقة 2 :
_bمطبوعة موجهة لطلبة السنة الثاثة LMD "المحاسبة لغة الاعمال " /
_c هشام دغموم
246 _aaccounting business language
260 _aالجزائر
_bجامعة الجزائر3: كلية العلوم الإقتصادية، العلوم التجارية وعلوم التسيير
_c2022
300 _a175 ورقة
_bايضاحات
_c30 سم
504 _aالمراجع ص.174
520 _aالمقاربة البنكية ، المعالجة المحاسبية لاهتلاك الاصول الثابتة المادية ، المعالجة المحاسبية لاتخفاض (تدهور)قيمة الاصول الثابتة المادية ، المعالجة المحاسبية لخسائر انخفاض قيمة الاصول الجارية ، المعالجة المحاسبية للمؤونات ، تصحيح الأخطاء المحاسبية و اجراء تسوية التكاليف و الايرادات ، المعالجة المحاسبية للاصول الثابتة المالية .
653 _aالمحاسبة التحليلية
710 _aجامعة الجزائر3: كلية العلوم الإقتصادية، العلوم التجارية وعلوم التسيير
_eناشر علمي
942 _cHANDOUT
999 _c41313
_d41313